| 000 | 00588nam a2200193 a 4500 | ||
|---|---|---|---|
| 005 | 20240629063753.0 | ||
| 008 | 991125s1929 mx 000 0 spa u | ||
| 035 | _aUPN01000004249 | ||
| 049 | _aSEP | ||
| 050 | 4 |
_aGV426 _bL6.3 |
|
| 100 | 1 | _aLobato, Emilio | |
| 245 | 1 | 0 |
_aApuntes de metodología gimnástica / _cEmilio Lobato. |
| 260 |
_aMéxico : _bTalleres Gráficos de la Nación, _c1929. |
||
| 300 | _a29 p. | ||
| 440 | 0 |
_aPublicaciones de la Secretaría de Educación Pública ; _v22, 7 |
|
| 500 | _aDisponible en la Colección Medina | ||
| 650 | 4 |
_aGimnasia _9122 |
|
| 905 | _aLibro | ||
| 999 |
_c4249 _d4249 |
||